00298nam a2200133Ia 4500100002100000650001100021250000700032654001700039245004500056260003100101082001200132300000800144546001200152 aFrankland/ T.W.  aFitter aIV aPipe fitters aPipe fitters & Pipe welder''''s Handbook bBailey BrosaChicagoc1973 a671.024 a175 aENGLISH